Life crisis and onset of illness /
Saved in:
| Main Author: | |
|---|---|
| Format: | Thesis Book |
| Language: | English |
| Published: |
1976.
|
| Subjects: | |
| Tags: |
Add Tag
No Tags, Be the first to tag this record!
|
| LEADER | 00820cam a2200265 4500 | ||
|---|---|---|---|
| 001 | u48262 | ||
| 003 | SIRSI | ||
| 008 | 860220s1976 my t 00 eng | ||
| 015 | |a X850013257 | ||
| 035 | |a AAF-1948 | ||
| 040 | |a UMP | ||
| 060 | |a WM90 | ||
| 096 | |a WM90 |b Woo 1976 | ||
| 100 | 1 | 0 | |a Woon, Tai Hwang. |
| 245 | 1 | 0 | |a Life crisis and onset of illness / |c by Woo Tai Hwang. |
| 260 | |c 1976. | ||
| 300 | |a vi, 253 leaves : |b ill. ; |c 28 cm. | ||
| 502 | |a Dissertation (M.D.) -- Fakulti Perubatan, Universiti Malaya, 1976. | ||
| 504 | |a Bibliography: leaves 217-243. | ||
| 650 | 2 | |a Psychophysiologic Disorders |x etiology. | |
| 650 | 2 | |a Life Change Events | |
| 650 | 2 | |a Stress, Psychological. | |
| 948 | |a 16/03/1991 |b 10/10/1995 | ||
| 596 | |a 2 | ||
| 999 | |a WM90 WOO 1976 |w LC |c 2 |i A502457407 |l STACKS |m P02MEDKL |r Y |s Y |t TESIS |u 1/10/1995 | ||
